00476nam a2200145Ia 4500008004100000100001200041245011100053245002700164260005900191260000900250300001200259650001800271650001500289856002600304170221s9999 xx 000 0 und d aYing Li aExploring the Extrinsic and Intrinsic Motivations in Blogging: A Survey on Hong Kong University Students  cYing Li, Gongcheng Lin bOnline Journal of Communication and Media Technologies c2013 a33 : 12 xCommunication xMedia Arts uhttp://www.ojcmt.net/